Statistics for Countries With The Most Syrian Refugees

Click here to take the quiz!

General Stats

  • This quiz has been taken 80 times
  • The average score is 17 of 25

Answer Stats

TotalCountry% Correct
616,315Germany
94%
3,6 milTurkey
94%
23,510France
90%
6,750United States
90%
38.496Greece
84%
114,998Sweden
84%
668,332Jordan
82%
851,718Lebanon
82%
11,442United Kingdom
82%
133,568Egypt
79%
345,952Iraq
79%
15,542Norway
76%
57,887Austria
75%
14,823Spain
69%
19,883Denmark
66%
37,792Netherlands
66%
18.493Belgium
64%
20,045Switzerland
64%
4,857Morocco
57%
8,709Algeria
54%
7,757Tunisia
54%
19,017Bulgaria
49%
9,820Cyprus
43%
5,205Armenia
33%
93.490Sudan
31%

Score Distribution

Percentile by Number Answered

Percent of People with Each Score

Your Score History

You have not taken this quiz